Tilastot visalle Viro-visa

Klikkaa tästä pelataksesi tätä visaa!

Yleistilastot

  • Tätä visaa on pelattu 150 kertaa
  • Keskiarvotulos 10 / 20

Vastaustilastot

VihjeVastaus% Oikein
PääkaupunkiTallinna
100%
NaapurimaatLatvia
99%
NaapurimaatVenäjä
96%
Lahdet, joiden rannalla Viro sijaitseeSuomenlahti
95%
Viro viroksiEesti
88%
Viron "kesäpääkaupunki"Pärnu
73%
Suurimmat saaretSaarenmaa
69%
Toiseksi suurin kaupunki, jossa sijaitsee maan vanhin yliopistoTartto
68%
Valuutta vuosina 1992–2011Kruunu
62%
Suurimmat saaretHiidenmaa
43%
Suuri teollisuuskaupunki itärajallaNarva
41%
Suuri järvi itärajallaPeipsijärvi
35%
Lahdet, joiden rannalla Viro sijaitseeRiianlahti
30%
Viron tämänhetkinen presidenttiKersti Kaljulaid
30%
Viron parlamentin nimiRiigikogu
25%
Suosittu lähinnä virolaisten kehittämä VoIP-palveluSkype
24%
Viron tämänhetkinen pääministeriJüri Ratas
20%
Saksalaisten johtama valtio, joka hallitsi Viroa satojen vuosien ajan keskiajallaSaksalainen {ritarikunta}
18%
Historiallisista romaaneistaan tunnettu merkittävin virolainen kirjailijaJaan Kross
16%
Virossa kehitetty keinuun perustuva urheilulajiKiiking
14%

Tulosjakauma

Persentiili vastausten määrän mukaan

Jokaisen tuloksen saaneiden osuus

Tuloshistoriasi

Et ole pelannut tätä visaa